| 000 | 01519nam a22003610a 4500 | ||
|---|---|---|---|
| 001 | PT3251 | ||
| 003 | AR-LpoUNG | ||
| 005 | 20240215205328.0 | ||
| 008 | 201001s1996||||ag |||||||||||||||||spa d | ||
| 020 | _a9879625226 | ||
| 040 |
_aAR-LpoUNG _bspa _eaacr |
||
| 041 | _aspa | ||
| 044 | _aag | ||
| 082 | 0 | _a382.54 817 | |
| 100 | 1 | _aYoguel, Gabriel | |
| 245 | 1 | 0 |
_aComercio internacional, competitividad y estrategias empresariales : _bel sendero evolutivo de la teoría |
| 250 | _a1º edición | ||
| 260 |
_aBuenos Aires : _bUniversidad Nacional de General Sarmiento, _cnoviembre de 1996. |
||
| 300 |
_a40 p. : _bgráfs. _3Impreso |
||
| 490 | 0 |
_aDocumento de trabajo ; _vno. 4 |
|
| 520 | _aEste trabajo se plantea dos objetivos interrelacionados: por un lado, revisar la evolución de la teoría del comercio internacional desde los autores clásicos hasta los neoschumpeterianos y, por otro, realizar una discusión del concepto de competitividad centrando el análisis en las cuestiones microeconómicas y en el rol adjudicado a las estrategias empresariales en las distintas teorías. | ||
| 650 | 4 | _aCOMERCIALIZACION | |
| 650 | 4 | _aCOMERCIO EXTERIOR | |
| 650 | 4 | _aCOMERCIO INTERNACIONAL | |
| 650 | 4 | _aEMPRESAS MULTINACIONALES | |
| 650 | 4 | _aESTRATEGIA DEL DESARROLLO | |
| 650 | 4 | _aEXPORTACIONES | |
| 650 | 4 | _aIMPORTACIONES | |
| 651 | 4 | _aDOCUMENTOS TEORICOS O METODOLOGICOS | |
| 710 | 2 | _aUniversidad Nacional de General Sarmiento. Instituto de Industria | |
| 905 | _a3251 | ||
| 942 |
_cLIB _2ddc |
||
| 999 |
_c52050 _d52050 |
||